000 00895nam a22002897a 4500
001 9378
003 FISKH
005 20251216134135.0
008 251216b cb ||||| |||| 00| 0 eng d
020 _a9781592497478
040 _aFISKH
_beng
_cFISKH
_dFISKH
050 _aPZ10.G153 B
082 _a813.54
100 _aGalvin, Laura Gates
_eAuthor
245 _aBaby duck gets lost :
_bBaby animals /
_cby Laura Gates Galvin
260 _aWashington :
_bTrudy Corporation ,
_c2007
300 _a14 unnumbered pages :
_bphotographs ;
_c19 cm
490 _aSmithsonian baby animals
505 _aE
520 _aA mother duck and her ducklings go for a walk, but one of the babies is too slow to keep up.
521 8 _a200
_bLexile estimate
521 8 _aE
_bRaz-Plus
650 _aBoard book
_vBaby animals
650 _aNon-fiction
_vDuck
942 _2ddc
_cBK
_n0
999 _c9378
_d9378